Hư hỏng sửa chữa gia cường công trình

Enregistré dans:
Détails bibliographiques
Auteur principal: Lê, Văn Kiểm
Format: Livre
Langue:Undetermined
Publié: Thành phố Hồ Chí Minh Đại học Quốc Gia Tp. Hồ Chí Minh 2004
Sujets:
Tags: Ajouter un tag
Pas de tags, Soyez le premier à ajouter un tag!
Thư viện lưu trữ: Trung tâm Học liệu Trường Đại học Cần Thơ
LEADER 00667nam a2200193Ia 4500
001 CTU_64354
008 210402s9999 xx 000 0 und d
020 |c 42000 
082 |a 624.15 
082 |b K305 
100 |a Lê, Văn Kiểm 
245 0 |a Hư hỏng sửa chữa gia cường công trình 
245 0 |c Lê Văn Kiểm 
260 |a Thành phố Hồ Chí Minh 
260 |b Đại học Quốc Gia Tp. Hồ Chí Minh 
260 |c 2004 
650 |a Civil engineering,Concrete construction,Reinforced concrete construction 
904 |i TUYẾN (Nguyênsửa) 
980 |a Trung tâm Học liệu Trường Đại học Cần Thơ